Breve historia de las religiones /

Bibliographic Details
Main Author: Orbaneja, Fernando de, 1924-2016 (Author)
Format: Electronic eBook
Language:Spanish
Published: Barcelona (España) : Ediciones B, [2013]
Edition:Edición en formato digital.
Subjects:
Online Access:Digitalia Hispánica

MARC

LEADER 00000nam a2200000Ii 4500
001 DIGEDICNSB0060
003 NyNyDIG
008 221010s2013 sp o 001 0 spa d
006 m o d
007 cr |||||||||||
035 |a (OCoLC)1379476478 
040 |a DGITA  |b eng  |e rda  |e pn  |c DGITA 
020 |a 9788490192207  |q eBook 
020 |z 9788466652711  
050 1 4 |a BL82 ebook 
100 1 |a Orbaneja, Fernando de,  |d 1924-2016,  |e author. 
245 1 0 |a Breve historia de las religiones /  |c Fernando de Orbaneja. 
250 |a Edición en formato digital.  
264 1 |a Barcelona (España) :  |b Ediciones B,  |c [2013] 
300 |a 1 online resource. 
336 |a text  |b txt  |2 rdacontent 
337 |a computer  |b c  |2 rdamedia 
338 |a online resource  |b cr  |2 rdacarrier 
347 |a text file  |2 rdaft 
347 |b EPUB 
500 |a Includes index. 
588 0 |a Online resource; title from ePub title page (Digitalia, viewed October 10, 2022) 
650 0 |a Religions  |x History. 
791 2 |a Digitalia (Firm),  |e distributor. 
793 0 |g Digitalia eBook Collection:  |a Ediciones B 
776 0 8 |i Print version:  |a Orbaneja, Fernando de, 1924-2016.  |t Breve historia de las religiones.  |d Barcelona (España) : Ediciones B, [2013]  |z 9788466652711 
856 4 0 |3 Digitalia Hispánica  |u https://www.digitaliapublishing.com/a/53072/ 
910 |a Premium collection: 2022